000 00372pam a2200157a 44500
008 230515b1987 xxu||||| |||| 00| 0 eng d
020 _aNULL
041 _aENGLISH
082 _a630
100 _a7365-1985
245 _aCRITERIA FOR HYDRAULIC DESIGN OF BUCKET TYPE ENERGY DISSIPATERS
250 _a0
260 _aDELHI
_bISI
_c1987
300 _a12
650 _aNULL
999 _c651999
_d651999